Normal view
MARC view
Entry Personal Name
001 - CONTROL NUMBER
- control field: 73926
003 - CONTROL NUMBER IDENTIFIER
- control field: dpl
005 - DATE AND TIME OF LATEST TRANSACTION
- control field: 20241114111041.0
008 - FIXED-LENGTH DATA ELEMENTS
- fixed length control field: 241114|| aca||aabn | a|a d
040 ## - CATALOGING SOURCE
- Original cataloging agency: dpl
- Transcribing agency: dpl
100 ## - HEADING--PERSONAL NAME
- Personal name: Chattopadhyay, P.K
670 ## - SOURCE DATA FOUND
- Source citation: Work cat.: (dpl)206982: Chattopadhyay, P.K., Biofuel,Ethanol and Bioenergy Based product/, 2022
